000
00214nam a22000857a 4500
008
161111b xxu||||| |||| 00| 0 eng d
100
_9
1137
_a
BPI India
245
_a
Indra the osyter
260
_a
New Delhi
_b
BPI India
_c
2011
999
_c
3797
_d
3797